Loading...
| Religion | 0 | 14 | 0 | 4 | 140 | 34 | 97.36 | 1 | 1 | 0.00 | 0.00 |
| Social Science | 0 | 12 | 2 | 2 | 110 | 52 | 115.17 | 0 | 1 | 0.00 | 0.00 |
| Philosophy | 0 | 11 | 1 | 3 | 105 | 77 | 108.00 | 2 | 3 | 0.00 | 0.00 |
| Any History | 0 | 9 | 1 | 1 | 85 | 73 | 114.22 | 0 | 0 | 0.00 | 0.00 |
| Science - Biology | 0 | 9 | 1 | 1 | 85 | 90 | 101.33 | 0 | 1 | 0.00 | 0.00 |
| Literature - World | 0 | 6 | 1 | 2 | 55 | 114 | 138.17 | 0 | 0 | 0.00 | 0.00 |
| Painting & Sculpture | 0 | 6 | 1 | 2 | 55 | 82 | 132.50 | 0 | 0 | 0.00 | 0.00 |
| Mythology | 0 | 6 | 1 | 0 | 55 | 44 | 90.83 | 1 | 1 | 0.00 | 0.00 |
| Literature - British | 0 | 5 | 0 | 1 | 50 | 65 | 126.80 | 0 | 1 | 0.00 | 0.00 |
| History - American | 0 | 6 | 2 | 0 | 50 | 46 | 96.33 | 1 | 2 | 0.00 | 0.00 |
| Science - Physics | 0 | 6 | 2 | 3 | 50 | 80 | 120.67 | 0 | 0 | 0.00 | 0.00 |
| Science - Other | 0 | 5 | 1 | 1 | 45 | 81 | 110.20 | 0 | 0 | 0.00 | 0.00 |
| Literature - American | 0 | 5 | 1 | 0 | 45 | 111 | 125.80 | 0 | 0 | 0.00 | 0.00 |
| Literature - European | 0 | 5 | 2 | 1 | 40 | 88 | 128.60 | 0 | 0 | 0.00 | 0.00 |
| History - World | 0 | 4 | 1 | 1 | 35 | 103 | 124.75 | 0 | 0 | 0.00 | 0.00 |
| Fine Arts - Other | 0 | 4 | 1 | 1 | 35 | 71 | 110.75 | 0 | 2 | 0.00 | 0.00 |
| Geography | 0 | 3 | 0 | 1 | 30 | 98 | 125.33 | 0 | 0 | 0.00 | 0.00 |
| History - European | 0 | 5 | 4 | 0 | 30 | 42 | 84.80 | 0 | 2 | 0.00 | 0.00 |
| Current Events | 0 | 3 | 0 | 1 | 30 | 82 | 105.00 | 0 | 0 | 0.00 | 0.00 |
| Science - Chemistry | 0 | 3 | 0 | 0 | 30 | 116 | 123.00 | 0 | 0 | 0.00 | 0.00 |
| Other Academic | 0 | 3 | 1 | 1 | 25 | 123 | 132.00 | 0 | 0 | 0.00 | 0.00 |
| Fine Arts - Classical Music | 0 | 2 | 1 | 0 | 15 | 95 | 114.00 | 0 | 0 | 0.00 | 0.00 |